000 01029nam a22003257a 4500
001 BR9405761
003 BR-BrBNA
005 20230928094334.0
007 ta
008 230509b bl.||||| |||| 00| 0 por d
040 _aBR-BrBNA
_bpor
_cBiblioteca Nacional de Agricultura
041 _a(Por)
072 _aP01; L20
_b6700
090 _ 6700 BR9405761
100 1 _aGuedes, N.M.R.
110 1 _aEscola Superior de Agricultura Luiz de Queiroz, Piracicaba, SP (Brasil)
_0Tese (Mestre em Ciencias)
245 1 _aBiologia reprodutiva da arara azul (Anodorhynchus hyacinthinus)no Pantanal - MS, Brasil
260 3 _aPiracicaba, SP (Brasil):
_c1993.
300 _a122 p.
500 _a26 graphs; 6 tables; Summaries (Eng, Por); Bibliography p. 114-122 (85 ref.)
650 _aArara-Azul
650 _aNinho
650 _aHabitat
650 _aComportamento Animal
650 _aManejo
650 _aPreservacao da Natureza
650 _aMato Grosso do Sul
909 _a202309
_bLucia
_c55
_dLucia Elande
942 _cBK
999 _c50156
_d50156